| 000 | 01316cam a2200253 4500 | ||
|---|---|---|---|
| 001 | ##L132406 | ||
| 008 | 060203n2001 000 0 eng u | ||
| 020 | _a0415264405 | ||
| 035 | _a(Sirsi) u132406 | ||
| 041 | 0 | _aeng | |
| 050 | 0 | 4 | _a658.45 $2 18 |
| 100 | 1 | _aHiggin, Gurth | |
| 245 | 0 | 0 |
_aCommunications in the building industry _bthe report of a pilot study |
| 260 |
_aAbingdon _bRoutledge _c2001 |
||
| 300 |
_a125p. _bill. _c23cm. |
||
| 350 | _a85 | ||
| 490 | 0 | _aRoutledge International Behavioural and Social Sciences Library | |
| 505 | 2 | _aA field report -- Introduction -- Techniques of communication and their uses -- A consideration of factors affecting roles and relationships in the building team -- Operational research and its application to the building process -- Problems, recommendations and requirements | |
| 520 | _aReports the results of three months' study of the building industry. Looks at the main questions associated with communications in the industry and what lies behind the industry's communication difficulties. Makes recommendations for further research. | ||
| 520 | _aFirst published in 1965 by Tavistock Press, republished by Routledge as a classic. | ||
| 690 | _aMANAGEMENT-PROJECT MANAGEMENT-PROJECT COMMUNICATION MANAGEMENT | ||
| 700 | 1 | _aJessop, Neil | |
| 942 | _n0 | ||
| 999 |
_c105128 _d105128 |
||